000 00477cam a22001934a 4500
005 20250605164315.0
008 250528s ||||||||||||||||||||||||d
035 _a22678
020 _a9780631148296
040 _aGR-AtMCL
_bgre
_dGR-AtMCL
_eAACR2
245 1 _aDEVELOPMENTAL SOCIAL PSYCHOLOGY / FROM INFANCY TO OLD AGE
250 _a1
260 _bBlackwell,
_c1995
300 _a776
700 1 _aDurkin Kevin
_91820
942 _cBK
999 _c7726
_d7726